000 00538nam a2200169 4500
999 _c510943
_d510943
008 190905b ||||| |||| 00| 0 eng d
100 _aHick, Rod
_99748
245 _aTax credits and in-work poverty in the UK: an analysis of income packages and anti-poverty performance
260 _c2019
300 _ap.219-236.
650 _aTax credit - United Kingdom
_99749
650 _aPoverty
_99750
700 _aLanau, Alba
_99751
773 _aSocial Policy and Society
906 _aSocial security - United Kingdom
942 _2ddc
_cAR